01303nam a2200265 a 450000100100000000500170001000800410002702000180006804000250008608200170011110000360012824501140016426000370027830000310031550000630034650000630040950000730047250400320054559000260057770000510060395201300065495201150078495201210089999900170102000004788820240229180118.0181002s2018 dr d r 000 0 spa d a9789945872231 aDO-SdBNPbspacBNPHU axxxxbNG576f1 aNg Cortiñas, Haivanjoe92159910aFalsabilidad en la economía dominicana /cHaivanjoe NG Cortiñas ; prólogo Virgilio Malagón Álvarez. aSanto Domingo :bDe Luxe,c2018. a277 p. :bdiagr. ;c22 cm. aLa biblioteca posee 1 ejemplar autográfiado por el autor aIncluye datos biográficos del autor en la contracubierta aIncluye referencias bibliográficas y notas al pie de las páginas aBibliografía : p. 271-277 aInventariado, 2018/BT1 aMalagón Álvarez, Virgilio,epról.975452 001054708DSaGRbGRcHDd2018-10-02iLF1l0oxxxx NG576fp47888-30r2020-06-25te. 3w2020-06-25yLFDSZPréstamo en sala 0010718PDaPDbPDcHDd2018-10-02iLF1l0oxxxx NG576fp47888-10r2020-06-25w2020-06-25yLFPDZNo se presta 0010718PDaPDbPDcHDd2018-10-02iLF1l0oxxxx NG576fp47888-20r2020-06-25te. 2w2020-06-25yLFPDZNo se presta c47376d47376